000
00319nam a2200133Ia 4500
005
20251222154320.0
008
251222s9999||||xx |||||||||||||| ||spa||
020
_a
0-321-38701-5
082
_a
004/B84
100
_a
"Brookshear, J. Glenn"
245
0
_a
Computer science. An overview
250
_a
9a.ed.
942
_c
LIB
999
_c
33723
_d
33723